Folklore y costumbres de España. (Registro nro. 733)

000 -CABECERA
campo de control de longitud fija 00886nam a2200373Ia 4500
001 - NÚMERO DE CONTROL
campo de control 938
008 - DATOS DE LONGITUD FIJA--INFORMACIÓN GENERAL
campo de control de longitud fija 191123s9999 xx 000 0 und d
041 ## - CÓDIGO DE LENGUA
Código de lengua del texto/banda sonora o título independiente spa
044 ## - CÓDIGO DEL PAÍS DE LA ENTIDAD EDITORA/PRODUCTORA
Código MARC del país sp
100 ## - ENTRADA PRINCIPAL--NOMBRE DE PERSONA
Nombre de persona Carreras y Candi, Francisco, dir.
245 #0 - MENCIÓN DE TÍTULO
Título Folklore y costumbres de España.
260 ## - PUBLICACIÓN, DISTRIBUCIÓN, ETC.
Lugar de publicación, distribución, etc. Barcelona :
Nombre del editor, distribuidor, etc. Alberto Martín,
Fecha de publicación, distribución, etc. 1934.
300 ## - DESCRIPCIÓN FÍSICA
Extensión 3 v.
Otras características físicas ilus. color y b/n
550 ## - NOTA DE ENTIDAD RESPONSABLE
Nota de entidad responsable ilus. color y b/n
650 ## - PUNTO DE ACCESO ADICIONAL DE MATERIA--TÉRMINO DE MATERIA
Término de materia o nombre geográfico como elemento de entrada BAILES
650 ## - PUNTO DE ACCESO ADICIONAL DE MATERIA--TÉRMINO DE MATERIA
Término de materia o nombre geográfico como elemento de entrada COSTUMBRES
650 ## - PUNTO DE ACCESO ADICIONAL DE MATERIA--TÉRMINO DE MATERIA
Término de materia o nombre geográfico como elemento de entrada COSTUMBRES RELIGIOSAS
650 ## - PUNTO DE ACCESO ADICIONAL DE MATERIA--TÉRMINO DE MATERIA
Término de materia o nombre geográfico como elemento de entrada DANZAS
650 ## - PUNTO DE ACCESO ADICIONAL DE MATERIA--TÉRMINO DE MATERIA
Término de materia o nombre geográfico como elemento de entrada ESPAÑA
650 ## - PUNTO DE ACCESO ADICIONAL DE MATERIA--TÉRMINO DE MATERIA
Término de materia o nombre geográfico como elemento de entrada FIESTAS POPULARES
650 ## - PUNTO DE ACCESO ADICIONAL DE MATERIA--TÉRMINO DE MATERIA
Término de materia o nombre geográfico como elemento de entrada FOLKLORE
650 ## - PUNTO DE ACCESO ADICIONAL DE MATERIA--TÉRMINO DE MATERIA
Término de materia o nombre geográfico como elemento de entrada FOLKLORE INFANTIL
650 ## - PUNTO DE ACCESO ADICIONAL DE MATERIA--TÉRMINO DE MATERIA
Término de materia o nombre geográfico como elemento de entrada GENTE DE MAR
650 ## - PUNTO DE ACCESO ADICIONAL DE MATERIA--TÉRMINO DE MATERIA
Término de materia o nombre geográfico como elemento de entrada TOREO
650 ## - PUNTO DE ACCESO ADICIONAL DE MATERIA--TÉRMINO DE MATERIA
Término de materia o nombre geográfico como elemento de entrada VIVIENDA POPULAR
902 ## - ELEMENTOS DE DATOS B LOCAL, LDB (RLIN)
a M
903 ## - ELEMENTOS DE DATOS C LOCAL, LDC (RLIN)
a m
904 ## - ELEMENTOS DE DATOS D LOCAL, LDD (RLIN)
a m
907 ## - ELEMENTOS DE DATOS G LOCAL, LDG (RLIN)
a Impreso
911 ## - EQUIVALENCIA O REFERENCIA-CRUZADA-NOMBRE DE CONFERENCIA O REUNIÓN/CONGRESO [LOCAL, CANADÁ]
Nombre de congreso/reunión o jurisdicción como elemento de entrada ilus. color y b/n
912 ## -
-- 1934
942 ## - ELEMENTOS DE PUNTO DE ACCESO ADICIONAL (KOHA)
Tipo de ítem Koha Libro
Existencias
Estado de retiro Estado de pérdida Estado dañado No para préstamo Localización permanente Ubicación/localización actual Fecha de adquisición Signatura topográfica completa Fecha visto por última vez Precio válido a partir de Tipo de ítem Koha Fuente del sistema de clasificación o colocación Código de barras Nota pública
        Biblioteca Horacio Butler Biblioteca Horacio Butler 2019-11-23 E - 5 59 al 61 2019-11-23 2019-11-23 Libro      
        Biblioteca Horacio Butler Biblioteca Horacio Butler 2019-11-23 E - 5 59 al 61 2019-11-23 2019-11-23 Libro   5144/5146 DONACIÓN GONZÁLEZ GARAÑO

Con tecnología Koha